[Event "Najdorf Memorial"]
[Site "Warsaw POL"]
[Date "2022.07.15"]
[Round "7.32"]
[White "Iwanczuk, Krzysztof"]
[Black "Skrzypczynski, Kacper"]
[Result "1-0"]
[BlackElo "1793"]
[WhiteElo "1947"]

1. e4 d6 2. d4 Nf6 3. Nc3 e5 4. Nf3 Nbd7 5. Bc4 Be7 6. O-O O-O 7. Re1 c6 8. a4 a5 9. h3 h6 10. Be3 Re8 11. Nh4 Qc7 12. Nf5 Bf8 13. Qf3 exd4 14. Bxd4 Ne5 15. Bxe5 Rxe5 16. Nxh6+ gxh6 17. Qxf6 Bg7 18. Qf3 Be6 19. Bxe6 Rxe6 20. Rad1 Rae8 21. Re2 Qb6 22. b3 Qb4 23. Na2 Qc5 24. Rde1 b5 25. axb5 cxb5 26. c3 Qa3 27. Nc1 Qc5 28. Re3 a4 29. Nd3 Qa3 30. bxa4 bxa4 31. Nf4 Rf6 32. Nd3 Rfe6 33. Nf4 Rf6 34. Qg4 Kh7 35. Rg3 Rg8 36. Nd5 Rg6 37. Qf5 Kh8 38. Rxg6 fxg6 39. Qxg6 Rf8 40. Qg3 Qb2 41. Ne7 Qxc3 42. Re3 Qc1+ 43. Kh2 Rf7 44. Qxd6 Rxf2 45. Rg3 Qc4 46. Nf5 Rxf5 47. exf5 Qf7 48. Rf3 Bf6 49. Qf4 Qg7 50. Qxa4 h5 51. Qe8+ 1-0

[Event "Najdorf Memorial"]
[Site "Warsaw POL"]
[Date "2022.07.15"]
[Round "7.33"]
[White "Lewandrowski, Tomasz"]
[Black "Basiaga, Sebastian"]
[Result "1-0"]
[BlackElo "1770"]
[WhiteElo "1902"]

1. d4 d5 2. Nc3 Nf6 3. Bf4 Bf5 4. e3 e6 5. f3 a6 6. g4 Bg6 7. h4 h5 8. g5 Nfd7 9. Bd3 Bxd3 10. Qxd3 Nc6 11. O-O-O Nb6 12. e4 Qd7 13. a3 O-O-O 14. Nge2 g6 15. Be5 Rg8 16. f4 Nc4 17. Bf6 Be7 18. f5 gxf5 19. exd5 exd5 20. Bxe7 Nxe7 21. Nf4 Rh8 22. Rhe1 c6 23. Qh3 Ng6 24. Nd3 Nd6 25. Na4 Kb8 26. Nac5 Qc8 27. Ne5 Nxe5 28. Rxe5 Ne4 29. Qxf5 Nxc5 30. dxc5 Qxf5 31. Rxf5 Rd7 32. c4 d4 33. Rdf1 d3 34. Rxf7 Rhd8 35. Rxd7 Rxd7 36. Rf8+ Ka7 37. Rh8 Rd4 38. Rxh5 Rxc4+ 39. Kd2 Rc2+ 40. Kxd3 Rxb2 41. g6 Rb3+ 42. Kc4 Rxa3 43. g7 Rg3 44. Rg5 1-0

[Event "Najdorf Memorial"]
[Site "Warsaw POL"]
[Date "2022.07.15"]
[Round "7.34"]
[White "Rejniak, Zuzanna"]
[Black "Hemmerling, Jaroslaw"]
[Result "1/2-1/2"]
[BlackElo "1854"]
[WhiteElo "1813"]

1. e4 e6 2. d4 d5 3. Nc3 Nf6 4. Bg5 dxe4 5. Nxe4 Nbd7 6. Bd3 Be7 7. Nxf6+ Bxf6 8. Bxf6 Nxf6 9. Qd2 O-O 10. Ne2 b6 11. f3 Bb7 12. O-O-O c5 13. Qg5 cxd4 14. Qe5 Qd5 15. Qxd5 Nxd5 16. Nxd4 Nf4 17. Bf1 Rfd8 18. Rg1 e5 19. Nb5 Rxd1+ 20. Kxd1 Rd8+ 21. Kc1 a5 22. Bc4 Kf8 23. g3 Ng6 24. Be2 Ke7 25. Rd1 Rxd1+ 1/2-1/2

[Event "Najdorf Memorial"]
[Site "Warsaw POL"]
[Date "2022.07.15"]
[Round "7.35"]
[White "Szwaj, Justyna"]
[Black "Pesko, Tomasz"]
[Result "0-1"]
[BlackElo "1830"]
[WhiteElo "1797"]

1. e4 c5 2. Nf3 d6 3. d4 cxd4 4. Nxd4 Nf6 5. Nc3 a6 6. h3 e5 7. Nde2 h5 8. g3 Be6 9. Bg2 Be7 10. Be3 Nbd7 11. O-O O-O 12. f4 Bc4 13. b3 Bxe2 14. Qxe2 Qa5 15. Nd5 Nxd5 16. exd5 Qc3 17. Rad1 Rac8 18. Rf2 g6 19. f5 Kg7 20. a4 Nf6 21. g4 hxg4 22. hxg4 Nh7 23. Rd3 Qa1+ 24. Rd1 Qc3 25. Rdf1 Bh4 26. Rf3 Qxc2 27. Bd2 Bg5 28. Rd3 Bxd2 29. Rxd2 Qxb3 30. Qf2 f6 31. fxg6 Ng5 32. Qf5 Qe3+ 33. Rdf2 Rc7 34. Qb1 Qg3 35. Rf5 Qxg4 36. Qb6 Qd4+ 37. Qxd4 exd4 38. R5f4 Rc4 39. Rb1 Rxa4 40. Rxb7+ Kxg6 41. Rd7 Rb4 42. Rxd6 a5 43. Bf1 Rb3 44. Kf2 d3 45. Ra6 Rb2+ 46. Kg3 d2 47. Rd4 Kf5 48. Rxa5 Ke5 49. Raa4 Rb1 50. Be2 f5 51. d6 Ne4+ 52. Kg2 Rg8+ 53. Kf3 Rg3# 0-1

[Event "Najdorf Memorial"]
[Site "Warsaw POL"]
[Date "2022.07.15"]
[Round "7.36"]
[White "Mazur, Maciej"]
[Black "Michalska, Aleksandra"]
[Result "1/2-1/2"]
[BlackElo "1814"]
[WhiteElo "1757"]

1. e4 e5 2. Nf3 Nc6 3. Bc4 Bc5 4. c3 Nf6 5. d4 exd4 6. cxd4 Bb4+ 7. Kf1 d5 8. exd5 Nxd5 9. Nc3 Bxc3 10. bxc3 Be6 11. Qd3 Qd6 12. Ng5 O-O-O 13. Ne4 Qe7 14. Nc5 Nb6 15. Bxe6+ fxe6 16. Qg3 h6 17. Bf4 e5 18. Re1 Nc4 19. Qg4+ Kb8 20. Qe2 Qf7 21. Bxe5 N6xe5 22. dxe5 Qd5 23. Nb3 Rhe8 24. e6 Rd6 25. e7 Rd7 26. Qf3 Qxf3 27. gxf3 Rdxe7 28. Rxe7 Rxe7 29. Rg1 Ne5 30. Nd4 Rf7 31. Ke2 Kc8 32. f4 Nd7 33. Ne6 Rf6 34. Nxg7 Rxf4 35. Nh5 Re4+ 36. Kf3 Re8 37. Rg7 Ne5+ 38. Kg2 Rf8 39. Re7 Ng6 40. Rh7 Nh4+ 41. Kh3 Rxf2 42. Kxh4 Rxh2+ 43. Kg4 Rxa2 44. Nf6 b5 45. Rxh6 a5 46. Ne4 a4 47. Kf3 Rb2 48. Ke3 b4 49. cxb4 Rxb4 50. Ra6 Kd8 51. Kd3 Ke7 52. Nc3 Kd7 53. Nxa4 c6 54. Kc3 Rh4 55. Nb2 Kd6 56. Nd3 Rh3 57. Ra4 c5 58. Rg4 Kd5 59. Rg5+ Ke4 60. Re5+ Kf3 61. Rxc5 Ke2 62. Re5+ Re3 63. Rd5 Re8 64. Nb2 Kf3 65. Nc4 Re7 66. Kd3 Kf4 67. Nd6 Re1 68. Rf5+ Kg4 69. Kd2 Re6 70. Rd5 Kf4 1/2-1/2

[Event "Najdorf Memorial"]
[Site "Warsaw POL"]
[Date "2022.07.16"]
[Round "8.13"]
[White "Jedrusik, Adam"]
[Black "Padalka, Artem"]
[Result "1-0"]
[BlackElo "2204"]
[WhiteElo "1960"]

1. d4 Nf6 2. c4 g6 3. Nc3 Bg7 4. e4 d6 5. f3 O-O 6. Be3 c5 7. Nge2 Nc6 8. d5 Ne5 9. Ng3 h5 10. Be2 a6 11. a4 e6 12. O-O exd5 13. cxd5 Bd7 14. h3 Bc8 15. Qd2 Qa5 16. Bh6 Qb4 17. Bxg7 Kxg7 18. f4 Ned7 19. e5 dxe5 20. fxe5 Nxe5 21. Rf4 Qb6 22. Raf1 Nh7 23. Qe3 Nd7 24. Qe7 Ndf6 25. Nce4 Re8 26. Rxf6 Rxe7 27. Rxb6 h4 28. d6 Re5 29. Bc4 f5 30. d7 Bxd7 31. Rxb7 Nf8 32. Rd1 fxe4 33. Rbxd7+ Nxd7 34. Rxd7+ Kh6 35. Ne2 Rb8 36. b3 Rb6 37. Kf2 e3+ 38. Ke1 Rf6 39. Rd3 a5 40. Rc3 Rff5 41. Ng1 Rf2 42. Rxe3 Ref5 43. Bd3 Rf6 44. Rf3 R6xf3 45. gxf3 Rb2 46. Bc4 Kg5 47. Ne2 Kf5 48. Kf2 g5 49. Ke3 Ke5 50. f4+ gxf4+ 51. Nxf4 Rh2 52. Kf3 Kf5 53. Be6+ Ke5 54. Bg8 Kf5 55. Bc4 Rh1 56. Kg2 Rd1 57. Nd3 Rd2+ 58. Kf3 Rh2 59. Nf2 Kg5 60. Bf1 Kf5 61. Bg2 Ke6 62. Ng4 Rxg2 63. Kxg2 Kd5 64. Kf3 Kd4 65. Nf6 Kc3 66. Ne4+ Kb4 67. Ke3 c4 68. bxc4 Kxa4 69. Nc5+ Kb4 70. Kd4 Ka3 71. Ne4 Kb4 72. Nc3 a4 73. Nxa4 Kxa4 74. c5 Kb5 75. Kd5 Ka6 76. c6 Ka7 77. Kd6 Kb8 78. Kd7 1-0

[Event "Najdorf Memorial"]
[Site "Warsaw POL"]
[Date "2022.07.16"]
[Round "8.15"]
[White "Ratajczak, Hubert"]
[Black "Raczek, Krzysztof"]
[Result "0-1"]
[BlackElo "2114"]
[WhiteElo "1943"]

1. c4 g6 2. Nc3 Bg7 3. g3 Nf6 4. Bg2 O-O 5. Nf3 d6 6. O-O Nbd7 7. d3 e5 8. b4 a5 9. b5 Re8 10. Nd2 Nf8 11. e3 Rb8 12. Rb1 Be6 13. Nb3 b6 14. e4 N6d7 15. Ne2 Nc5 16. d4 exd4 17. Nbxd4 Bxc4 18. Nc6 Qc8 19. Nxb8 Qxb8 20. Bb2 Bxb5 21. Bxg7 Bxe2 22. Qxe2 Kxg7 23. f4 Nfd7 24. Rbe1 Qd8 25. Qc4 Qe7 26. Bh3 Kg8 27. Qd5 Nf6 28. Qc6 Nfxe4 29. Re3 f5 30. g4 Kh8 31. Qd5 Rf8 32. a4 Qf7 33. Qd4+ Qf6 34. Qd5 Nxa4 35. gxf5 gxf5 36. Qxf5 Qg7+ 37. Qg4 Qd4 38. Qe2 Nac5 39. Kh1 d5 40. Qh5 Nf2+ 41. Rxf2 Qxe3 42. Bf5 Qe1+ 43. Kg2 Qe7 0-1

[Event "Najdorf Memorial"]
[Site "Warsaw POL"]
[Date "2022.07.16"]
[Round "8.18"]
[White "Zalega, Maciej"]
[Black "Fiedorek, Michal"]
[Result "0-1"]
[BlackElo "2289"]
[WhiteElo "1912"]

1. e4 c6 2. d4 d5 3. Nc3 a6 4. e5 b5 5. Bd3 c5 6. dxc5 e6 7. b4 Nc6 8. a3 Nxe5 9. Nf3 Nc6 10. Bb2 Nf6 11. Ne2 Be7 12. Ned4 Nxd4 13. Bxd4 O-O 14. Ne5 Qc7 15. O-O Ne4 16. f3 Ng5 17. Qe2 f6 18. f4 Ne4 19. Ng4 Bb7 20. Rf3 Bc6 21. Raf1 a5 22. Rh3 axb4 23. axb4 Qd7 24. Nf2 Bd8 25. c3 f5 26. Bb1 Bf6 27. Qb2 Qa7 28. Nd3 Qa1 29. Bxf6 gxf6 30. Rc1 Ra3 31. Qe2 Rxc3 32. Re1 Qa7 33. Qb2 d4 34. Nf2 Rxh3 35. Nxh3 Rd8 36. Nf2 Qa8 37. Qe2 Kh8 38. Nxe4 fxe4 39. Bxe4 Bxe4 40. Qxe4 Qxe4 41. Rxe4 d3 42. Re1 Rd4 43. Rd1 Kg7 44. Kf2 Rxb4 45. Ke3 Rc4 46. Rxd3 Rxc5 47. Rd6 Kf7 48. Rb6 Rc3+ 49. Ke2 Rb3 50. g3 h5 51. Kf2 Rb2+ 52. Kf3 b4 53. h3 b3 54. g4 hxg4+ 55. hxg4 Rb1 56. Ke2 b2 57. Kd2 Rf1 58. Rxb2 Rxf4 59. g5 0-1

[Event "Najdorf Memorial"]
[Site "Warsaw POL"]
[Date "2022.07.16"]
[Round "8.20"]
[White "Haliniak, Wojciech"]
[Black "Goraj, Barbara"]
[Result "0-1"]
[BlackElo "2035"]
[WhiteElo "1827"]

1. e4 c5 2. Nf3 d6 3. d4 cxd4 4. Nxd4 Nf6 5. f3 e5 6. Bb5+ Bd7 7. Bxd7+ Qxd7 8. Nf5 d5 9. Bg5 dxe4 10. Bxf6 gxf6 11. Qxd7+ Nxd7 12. fxe4 Rc8 13. Nc3 Bb4 14. O-O-O Bxc3 15. Nd6+ Ke7 16. Nxc8+ Rxc8 17. bxc3 Rc4 18. Rd3 Nc5 19. Rh3 Nxe4 20. Rxh7 Rc8 21. c4 f5 22. Re1 Rg8 23. Rh5 Ke6 24. Rf1 f4 25. Re1 f5 26. Rh6+ Nf6 27. Re2 e4 28. Rh3 Ng4 29. Rb3 Ne3 30. g3 Nxc4 31. Rf3 fxg3 32. Rxg3 Rh8 33. Rg7 Nd6 34. Reg2 Ke5 35. R2g6 Nc4 36. Rxb7 Rxh2 37. Rb5+ Kd4 38. Rg1 Ne3 39. Rb2 Ke5 40. c3 Rxb2 41. Kxb2 f4 42. Rg5+ Nf5 43. Kc2 f3 44. Kd1 Kf4 45. Rg8 e3 46. Rf8 Ke4 47. Rg8 Kd3 48. Rg5 f2 49. Rxf5 e2+ 0-1

[Event "Najdorf Memorial"]
[Site "Warsaw POL"]
[Date "2022.07.16"]
[Round "8.21"]
[White "Zdybel, Przemyslaw"]
[Black "Jaskiewicz, Kacper"]
[Result "1-0"]
[BlackElo "1756"]
[WhiteElo "2026"]

1. e4 c5 2. Nc3 Nc6 3. g3 g6 4. Bg2 Bg7 5. d3 e6 6. Be3 Nd4 7. Qd2 a6 8. Nd1 d6 9. c3 Nc6 10. Ne2 Nf6 11. h3 Qc7 12. Bh6 Bxh6 13. Qxh6 Bd7 14. Qg7 Ke7 15. Qh6 Ng8 16. Qd2 h6 17. O-O Kf8 18. Ne3 Kg7 19. f4 Nge7 20. d4 cxd4 21. Nxd4 f6 22. Rad1 Rad8 23. g4 e5 24. Nxc6 Bxc6 25. g5 fxg5 26. fxg5 h5 27. Rf6 Nc8 28. Rdf1 Rhf8 29. Qf2 Qe7 30. Nd5 Bxd5 31. exd5 Qe8 32. Be4 Ne7 33. Qc2 Qb5 34. c4 Qc5+ 35. Kg2 Qe3 36. h4 Ng8 37. Rxg6+ Kh8 38. Bf5 Ne7 39. Rh6+ 1-0

[Event "Najdorf Memorial"]
[Site "Warsaw POL"]
[Date "2022.07.16"]
[Round "8.22"]
[White "Lee, Hyo"]
[Black "Kaczmarska, Joanna"]
[Result "1/2-1/2"]
[BlackElo "1965"]
[WhiteElo "1818"]

1. e4 e5 2. Nf3 Nc6 3. Bc4 Bc5 4. c3 Nf6 5. d4 exd4 6. e5 d5 7. Bb5 Ne4 8. cxd4 Bb4+ 9. Bd2 Bxd2+ 10. Nbxd2 O-O 11. O-O Ne7 12. Bd3 Bf5 13. Qc2 Nc6 14. a3 Nxd2 15. Qxd2 Be4 16. Bxe4 dxe4 17. Ng5 Nxe5 18. Nxe4 Nc4 19. Qc3 Qd5 20. b3 Nd6 21. Nxd6 Qxd6 22. b4 Rfd8 23. Rad1 c6 24. Rfe1 Rd7 25. h3 Qd5 26. Qc5 Rad8 27. Qxa7 Rd6 28. Qxb7 Rg6 29. g3 Qf3 30. Qc7 Rf8 31. Ra1 f5 32. Re3 Qh5 33. Kg2 f4 34. Re5 Rxg3+ 35. fxg3 Qg6 36. Ra2 Qxg3+ 37. Kf1 Qd3+ 38. Kf2 Qxd4+ 39. Ke1 Qg1+ 40. Kd2 f3 41. Kc3 Qc1+ 42. Rc2 Qxa3+ 43. Kc4 Rf4+ 44. Kc5 Qxb4+ 45. Kxc6 Qa4+ 46. Kd6 Qd4+ 47. Kc6 Qa4+ 48. Kd6 Qd4+ 49. Kc6 Qa4+ 1/2-1/2

[Event "Najdorf Memorial"]
[Site "Warsaw POL"]
[Date "2022.07.16"]
[Round "8.23"]
[White "Bartodziej, Bartosz"]
[Black "Siekanska, Maria"]
[Result "1-0"]
[BlackElo "1964"]
[WhiteElo "1809"]

1. e4 c5 2. Nf3 d6 3. d4 cxd4 4. Nxd4 Nf6 5. Nc3 a6 6. Be2 e6 7. O-O Be7 8. f4 O-O 9. Kh1 Nc6 10. Be3 Bd7 11. Qe1 b5 12. a3 Qb8 13. Bf3 Nxd4 14. Bxd4 e5 15. Be3 b4 16. axb4 Qxb4 17. fxe5 dxe5 18. Nd5 Nxd5 19. exd5 Bb5 20. Qxb4 Bxb4 21. Rfc1 e4 22. Bd1 f5 23. c4 f4 24. Bd4 Be8 25. Bg4 Bf7 26. Rf1 Bd2 27. Rad1 e3 28. Be2 Be8 29. Be5 g5 30. h4 h6 31. Kh2 a5 32. hxg5 hxg5 33. Rh1 Bd7 34. Kg1 Bf5 35. Rh5 g4 36. Rg5+ Kh7 37. Bxf4 Bc2 38. Rxg4 Rxf4 39. Rxf4 Bxd1 40. Bxd1 Kg6 41. Re4 Rb8 42. d6 Kf5 43. Bf3 Rd8 44. c5 Bb4 45. Rxb4 axb4 46. c6 1-0

[Event "Najdorf Memorial"]
[Site "Warsaw POL"]
[Date "2022.07.16"]
[Round "8.24"]
[White "Siekanska, Zuzanna"]
[Black "Iwanczuk, Krzysztof"]
[Result "1/2-1/2"]
[BlackElo "1947"]
[WhiteElo "1712"]

1. d4 Nf6 2. c4 g6 3. Nc3 d5 4. cxd5 Nxd5 5. e4 Nxc3 6. bxc3 Bg7 7. Qa4+ Nd7 8. Nf3 O-O 9. Be2 Nb6 10. Qa3 Be6 11. Bg5 Re8 12. O-O Qd6 13. Qc1 Bc4 14. Re1 e5 15. dxe5 Bxe5 16. Nxe5 Qxe5 17. Bf3 Nd7 18. Qe3 Qe6 19. Rab1 Ba6 20. Bd1 Ne5 21. Ba4 c6 22. Bb3 Bc4 23. h3 f6 24. Bh4 b6 25. Rbd1 Rad8 26. f4 Bxb3 27. axb3 Rxd1 28. Rxd1 Qxb3 29. Qd4 c5 30. Qd2 Nf7 31. Bxf6 Rxe4 32. Re1 Qe6 33. Rxe4 Qxe4 34. Qd7 Qa8 35. f5 g5 36. Qe6 Qf8 37. Be7 Qb8 38. Bxg5 Qd6 39. Qe8+ Qf8 40. Qe6 Qd6 41. Qe3 Nxg5 42. Qxg5+ Kf7 43. Qh5+ Kg7 44. Qg5+ Kf7 45. Qh5+ Kg7 46. Qg5+ 1/2-1/2

[Event "Najdorf Memorial"]
[Site "Warsaw POL"]
[Date "2022.07.16"]
[Round "8.25"]
[White "Polak, Michal"]
[Black "Bojczewski, Mateusz"]
[Result "0-1"]
[BlackElo "1735"]
[WhiteElo "1944"]

1. e4 c6 2. d4 d5 3. Nc3 dxe4 4. Nxe4 Nd7 5. Ng5 Ngf6 6. Bd3 e6 7. N1f3 Bd6 8. Qe2 h6 9. Ne4 Nxe4 10. Qxe4 Nf6 11. Qe2 b6 12. Bd2 Bb7 13. Ne5 Qc7 14. f4 c5 15. dxc5 Qxc5 16. O-O-O Rc8 17. Kb1 Ke7 18. Rhe1 Rhd8 19. a3 a5 20. Nc4 Qc7 21. f5 Kf8 22. fxe6 Re8 23. Qf2 Bxh2 24. Qxb6 Rxe6 25. Rxe6 fxe6 26. Qxc7 Bxc7 27. Nxa5 Bxg2 28. Rg1 Ba8 29. Bb4+ Kf7 30. Bg6+ Kg8 31. Re1 Bd5 32. Nb3 h5 33. Re3 Bf4 34. Rh3 Bg2 35. Rd3 h4 36. Nd4 h3 37. Nf3 e5 38. Bd6 Rd8 39. Nxe5 h2 40. Bf7+ Kh7 41. Bg6+ Kh6 42. Ng4+ Nxg4 43. Bxf4+ Kxg6 44. Bxh2 Rxd3 45. cxd3 Nxh2 46. a4 Kf5 47. Kc2 g5 48. Kd2 Bc6 49. a5 g4 50. Ke2 g3 51. b4 Nf3 52. b5 g2 53. bxc6 g1=Q 54. Kxf3 Qh1+ 0-1

[Event "Najdorf Memorial"]
[Site "Warsaw POL"]
[Date "2022.07.16"]
[Round "8.27"]
[White "Murchadha, Oissine"]
[Black "Lasota, Adam"]
[Result "1/2-1/2"]
[BlackElo "1892"]
[WhiteElo "1984"]

1. e4 c5 2. Nf3 e6 3. g3 Nc6 4. Bg2 Qc7 5. O-O Nf6 6. Qe2 d5 7. exd5 Nxd5 8. c4 Nf6 9. Rd1 Bd7 10. Nc3 a6 11. d4 cxd4 12. Nxd4 Nxd4 13. Rxd4 Bc5 14. Rd1 O-O 15. Bf4 Qc8 16. Be5 Be7 17. Ne4 Nxe4 18. Bxe4 Bc6 19. Bc2 Rd8 20. Qh5 g6 21. Qh6 Bf8 22. Qg5 Bg7 23. Rxd8+ Qxd8 24. Qxd8+ Rxd8 25. Bxg7 Kxg7 26. Rd1 Rc8 27. f4 Kf6 28. Kf2 h6 29. h4 g5 30. hxg5+ hxg5 31. Ke3 Rh8 32. Be4 gxf4+ 33. Kxf4 e5+ 34. Kf3 Bxe4+ 35. Kxe4 Ke6 36. Rd2 f5+ 37. Kf3 Rg8 38. b4 Rg4 39. Rc2 Rd4 40. a4 Rd3+ 41. Kf2 Ra3 42. a5 Rb3 43. b5 axb5 44. cxb5 Rxb5 45. Ra2 Kf6 46. a6 bxa6 47. Rxa6+ Kg5 48. Ra8 Rb2+ 49. Ke3 Rb6 50. Rg8+ Rg6 51. Ra8 Kg4 52. Kf2 e4 53. Re8 Kg5 54. Ra8 Rd6 55. Rg8+ Kf6 56. Rf8+ Ke5 57. Re8+ Kd4 58. Ra8 Rd5 59. Ra4+ Ke5 60. Ra8 Rd2+ 61. Ke3 Rd3+ 62. Kf2 Rf3+ 63. Kg2 Rd3 64. Kf2 Kd4 65. Ra4+ Kc3 66. Ra3+ Kb2 67. Ra5 Rf3+ 68. Kg2 Kb3 69. Ra8 Kc4 70. Ra4+ Kd5 71. Ra5+ Ke6 72. Ra6+ Ke5 73. Ra5+ Kf6 74. Ra8 Rb3 75. Kf2 Rb2+ 76. Ke3 Rg2 77. Rg8 Rg1 78. Kf2 Rh1 79. Rf8+ Kg6 80. Rg8+ Kf7 81. Ra8 Rh2+ 82. Ke3 Rg2 83. Kf4 Rf2+ 84. Ke5 e3 85. Ra1 Kg6 86. Re1 e2 87. Kd4 Kg5 88. Ke3 Rf1 89. Kxe2 Rxe1+ 90. Kxe1 Kg4 91. Kf2 f4 92. gxf4 1/2-1/2

[Event "Najdorf Memorial"]
[Site "Warsaw POL"]
[Date "2022.07.16"]
[Round "8.28"]
[White "Pesko, Tomasz"]
[Black "Vanduyfhuys, Igor"]
[Result "1-0"]
[BlackElo "1959"]
[WhiteElo "1830"]

1. d4 Nf6 2. c4 g6 3. Nc3 Bg7 4. e4 d6 5. f4 O-O 6. Nf3 c5 7. d5 e6 8. Bd3 exd5 9. cxd5 Nbd7 10. O-O Re8 11. Re1 Qb6 12. Bc4 Qc7 13. e5 dxe5 14. d6 Qb6 15. fxe5 Ng4 16. Bxf7+ Kxf7 17. Ng5+ Kf8 18. Qd5 Re7 19. dxe7+ Kxe7 20. Qf7+ Kd8 21. Ne6+ 1-0

[Event "Najdorf Memorial"]
[Site "Warsaw POL"]
[Date "2022.07.16"]
[Round "8.29"]
[White "Pancewicz, Szymon"]
[Black "Lewandrowski, Tomasz"]
[Result "*"]
[BlackElo "1902"]
[WhiteElo "1756"]

1. c4 c5 2. g3 d6 3. Bg2 Nc6 4. Nc3 Nf6 5. Nf3 e5 6. O-O Be7 7. d3 O-O 8. a3 Be6 9. Ng5 Bf5 10. Rb1 h6 11. Nge4 Nxe4 12. dxe4 Be6 13. Nd5 Bg5 14. b4 Bxc1 15. Qxc1 cxb4 16. axb4 Rc8 17. Qa3 a5 18. bxa5 Nxa5 19. Rfc1 Rxc4 20. Rxc4 Nxc4 21. Qb4 Na5 22. Ra1 Bxd5 23. exd5 b6 24. Rb1 Nb7 25. Qxb6 Nc5 26. Qc6 Qf6 27. h4 Rd8 28. Qc7 g5 29. Rb6 Kg7 30. h5 e4 31. Bh3 e3 32. f3 Ra8 33. Qxd6 Ra1+ 34. Kg2 Qxd6 35. Rxd6 Re1 36. f4 Rxe2+ 37. Kf3 Rh2 38. fxg5 Rxh3 39. gxh6+ Kh7 40. Rf6 Rxg3+ 41. Kf4 Rh3 42. Rxf7+ Kxh6 43. Re7 Nd3+ 44. Kg4 Nf2+ 45. Kf4 Nd1 46. d6 Rxh5 47. d7 Rd5 48. Kf3 Rd2 49. Kg3 Kg6 50. Kf3 Kf6 51. Rh7 Ke6 52. Rg7 Rf2+ 53. Kg3 Rf8 54. Rg4 *

[Event "Najdorf Memorial"]
[Site "Warsaw POL"]
[Date "2022.07.16"]
[Round "8.30"]
[White "Starosciak, Szymon"]
[Black "Rozumek, Krzysztof"]
[Result "1-0"]
[BlackElo "1801"]
[WhiteElo "1901"]

1. e4 c6 2. d4 d5 3. Nc3 dxe4 4. Nxe4 Nd7 5. Ng5 Ngf6 6. Bd3 e6 7. N1f3 h6 8. Nxe6 Qe7 9. O-O fxe6 10. Bg6+ Kd8 11. Bf4 Ne8 12. Bg3 Qb4 13. a3 Qb5 14. b3 Be7 15. c4 Qa6 16. Re1 Rf8 17. Rxe6 Rf6 18. d5 Rxg6 19. Rxg6 Bf6 20. Qe2 cxd5 21. Re1 Nc7 22. Nd4 Nf8 23. Nb5 Nce6 24. Rxf6 gxf6 25. cxd5 Bd7 26. dxe6 Nxe6 27. a4 Ke7 28. Qg4 Kf7 29. Nd6+ Kf8 30. Qg6 Ng5 31. Qxf6+ Kg8 32. Qg6+ 1-0

[Event "Najdorf Memorial"]
[Site "Warsaw POL"]
[Date "2022.07.16"]
[Round "8.31"]
[White "Pires, Emanuel Joao Robarts"]
[Black "Hertlein, Irena"]
[Result "0-1"]
[BlackElo "1850"]
[WhiteElo "2062"]

1. e4 c6 2. Bc4 d5 3. Bb3 dxe4 4. Qh5 g6 5. Qh4 a5 6. a3 a4 7. Ba2 Nf6 8. f3 exf3 9. Nxf3 Bf5 10. d3 h6 11. O-O Bg7 12. Nc3 g5 13. Qb4 b5 14. Nxg5 hxg5 15. Rxf5 Na6 16. Bxf7+ Kf8 17. Ne4 Nxb4 18. Nxg5 Qb6+ 19. Rf2 Nbd5 20. c4 bxc4 21. dxc4 Ne3 22. c5 Qb8 23. g3 Qe5 24. Nf3 Qe4 25. Bd2 Neg4 26. Rff1 Nxh2 27. Ng5 Qd3 28. Rf2 Qxg3+ 29. Rg2 Nf3+ 30. Nxf3 Qxf3 31. Be6 Ne4 32. Bg4 Bd4+ 0-1

[Event "Najdorf Memorial"]
[Site "Warsaw POL"]
[Date "2022.07.16"]
[Round "8.32"]
[White "Hemmerling, Jaroslaw"]
[Black "Kulpa, Zuzanna"]
[Result "0-1"]
[BlackElo "1985"]
[WhiteElo "1854"]

1. e4 c6 2. d4 d5 3. e5 Bf5 4. Nc3 e6 5. g4 Bg6 6. Nge2 h6 7. Nf4 Bh7 8. Bd3 Bxd3 9. Qxd3 Qc7 10. Be3 Nd7 11. Nfe2 O-O-O 12. O-O-O a6 13. f4 c5 14. Rhf1 Ne7 15. dxc5 Nxc5 16. Bxc5 Qxc5 17. Ne4 Qa5 18. Nd6+ Rxd6 19. exd6 Nc6 20. d7+ Kxd7 21. a3 Kc8 22. c4 Qc5 23. Kb1 Qxc4 24. Qd2 Bc5 25. Ka1 Qb3 26. Nc1 Qb6 27. Rf3 Kb8 28. Nb3 Be7 29. Ka2 Rd8 30. Qe1 a5 31. h4 Bd6 32. g5 a4 33. Nc1 Qb5 34. Qd2 d4 35. Ne2 Qd5+ 0-1

[Event "Najdorf Memorial"]
[Site "Warsaw POL"]
[Date "2022.07.16"]
[Round "8.33"]
[White "Pettersson, Alexander"]
[Black "Rejniak, Zuzanna"]
[Result "1-0"]
[BlackElo "1813"]
[WhiteElo "1968"]

1. d4 Nf6 2. c4 g6 3. Nc3 d5 4. Qb3 dxc4 5. Qxc4 Bg7 6. Nf3 O-O 7. e4 c6 8. Be2 b6 9. Qa4 c5 10. dxc5 bxc5 11. O-O Bb7 12. Rd1 Nfd7 13. Bb5 Bc8 14. Bf4 e5 15. Nxe5 Nxe5 16. Rxd8 Rxd8 17. Rd1 Rxd1+ 18. Qxd1 Nbd7 19. Qd5 Rb8 20. Bxd7 Bb7 21. Bxe5 Bxd5 22. Bxb8 Bxc3 23. bxc3 Bxa2 24. Bxa7 Bb1 25. Bxc5 Bxe4 26. Bd6 1-0

[Event "Najdorf Memorial"]
[Site "Warsaw POL"]
[Date "2022.07.16"]
[Round "8.34"]
[White "Wadelek, Karol"]
[Black "Sacharewicz, Krzysztof"]
[Result "1-0"]
[BlackElo "1832"]
[WhiteElo "1944"]

1. e4 Nf6 2. e5 Nd5 3. d4 d6 4. c4 Nb6 5. exd6 exd6 6. Nc3 g6 7. Nf3 Bg7 8. Bg5 f6 9. Be3 Be6 10. b3 O-O 11. Be2 N8d7 12. Rc1 d5 13. c5 Nc8 14. Qd2 Re8 15. O-O Ne7 16. h3 Nf8 17. Rfe1 Nf5 18. Bf4 g5 19. Bh2 c6 20. Bd3 Qd7 21. Qc2 Nh6 22. Nd1 g4 23. hxg4 Bxg4 24. Ne3 Bxf3 25. gxf3 Qh3 26. Bg3 Kf7 27. Nf5 Nxf5 28. Bxf5 Qh5 29. Kg2 Bh6 30. Rh1 Qg5 31. f4 Qg7 32. Kf3 Ne6 33. Qd3 Qf8 34. Rh2 Re7 35. Rch1 Bg7 36. Rxh7 Ke8 37. Bxe6 Rxe6 38. Qg6+ 1-0

[Event "Najdorf Memorial"]
[Site "Warsaw POL"]
[Date "2022.07.16"]
[Round "8.35"]
[White "Stachecki, Mikolaj"]
[Black "Mazur, Maciej"]
[Result "1/2-1/2"]
[BlackElo "1757"]
[WhiteElo "1918"]

1. e4 d5 2. exd5 Qxd5 3. Nc3 Qa5 4. d4 Nf6 5. Bc4 Bg4 6. Nge2 Nc6 7. Bd2 Bxe2 8. Nxe2 Qh5 9. O-O O-O-O 10. c3 e5 11. Qa4 exd4 12. Nxd4 Nxd4 13. cxd4 Bd6 14. h3 Kb8 15. Rfe1 g5 16. Qb5 Rhg8 17. Qf5 Qg6 18. Qxg6 Rxg6 19. Bxf7 Rg7 20. Be6 g4 21. Re2 gxh3 22. Bxh3 Nd5 23. Rae1 Nf4 24. Bxf4 Bxf4 25. g3 Bd6 26. Re4 a6 27. Rh4 Be7 28. Rhe4 Bf6 29. Re8 Rg8 30. Rxg8 Rxg8 31. b3 Bxd4 32. Kg2 Bc5 33. Re6 Rg6 34. f4 Rxe6 35. Bxe6 c6 36. g4 h6 37. Kf3 Kc7 38. Ke4 Kd6 39. Kf5 Be3 40. Bg8 Ke7 41. g5 hxg5 42. fxg5 b5 43. g6 Kf8 44. Be6 b4 45. Bc4 a5 46. Ke4 Bg1 47. Ke5 Kg7 48. Bd3 c5 49. Kd5 Bf2 50. Kc4 Bg1 51. Kb5 1/2-1/2

[Event "Najdorf Memorial"]
[Site "Warsaw POL"]
[Date "2022.07.16"]
[Round "8.36"]
[White "Kaminski, Jan"]
[Black "Skrzypczynski, Kacper"]
[Result "1/2-1/2"]
[BlackElo "1793"]
[WhiteElo "1870"]

1. e4 d6 2. d4 Nf6 3. Nc3 Nbd7 4. Nf3 e5 5. Bc4 Be7 6. O-O O-O 7. Re1 c6 8. a4 a5 9. h3 h6 10. Be3 Re8 11. d5 Nf8 12. Qd2 Ng6 13. Rad1 Qc7 14. Bb3 Bf8 15. Qd3 Bd7 16. Nd2 Nh5 17. Ne2 c5 18. Nf1 Rac8 19. c4 Ra8 20. Qd2 Be7 21. Nfg3 Nxg3 22. Nxg3 Qb6 23. Qc2 Bg5 24. Bxg5 hxg5 25. Nf5 Nf4 26. Ba2 g6 27. Ne3 Kg7 28. f3 Rh8 29. Ng4 Qb4 30. b3 Qb6 31. Kf2 Qd8 32. Rh1 Qc8 33. Bb1 f6 34. Rdg1 Ra6 35. Qd2 Ra8 36. Ke1 b6 1/2-1/2

[Event "Najdorf Memorial"]
[Site "Warsaw POL"]
[Date "2022.07.17"]
[Round "9.1"]
[White "Pacan-milej, Kosma"]
[Black "Noe, Christopher"]
[Result "1/2-1/2"]
[BlackElo "2505"]
[WhiteElo "2412"]

1. d4 Nf6 2. c4 e6 3. Nf3 c5 4. d5 exd5 5. cxd5 g6 6. Nc3 d6 7. h3 Bg7 8. e4 O-O 9. Bd3 b5 10. Bxb5 Nxe4 11. Nxe4 Qa5+ 12. Nfd2 Qxb5 1/2-1/2

[Event "Najdorf Memorial"]
[Site "Warsaw POL"]
[Date "2022.07.17"]
[Round "9.3"]
[White "Backiel, Hubert"]
[Black "Jarmula, Lukasz"]
[Result "0-1"]
[BlackElo "2452"]
[WhiteElo "2045"]

1. e4 c6 2. d4 d5 3. e5 c5 4. dxc5 e6 5. a3 Bxc5 6. Nf3 a6 7. b4 Ba7 8. Bb2 Ne7 9. Bd3 Nbc6 10. O-O Ng6 11. Qd2 Nh4 12. Qf4 Nxf3+ 13. Qxf3 Qg5 14. Qg3 h6 15. Nd2 Bd7 16. Nf3 Qxg3 17. hxg3 Rc8 18. Rfc1 O-O 19. c4 dxc4 20. Rxc4 Ne7 21. Rac1 Rxc4 22. Rxc4 Bb5 23. Rc7 Bxd3 24. Rxe7 Be4 25. Rd7 Bd5 26. Nd4 Rc8 27. b5 axb5 28. Kh2 Bc5 29. Nf5 Bc6 30. Ne7+ Bxe7 0-1

[Event "Najdorf Memorial"]
[Site "Warsaw POL"]
[Date "2022.07.17"]
[Round "9.4"]
[White "Sriram, Jha"]
[Black "Sarkar, Justin"]
[Result "1-0"]
[BlackElo "2346"]
[WhiteElo "2361"]

1. d4 Nf6 2. c4 g6 3. Nc3 d5 4. Bf4 Bg7 5. e3 c5 6. dxc5 Qa5 7. Rc1 dxc4 8. Bxc4 O-O 9. Nge2 Qxc5 10. Qb3 Nc6 11. Nb5 Qh5 12. Ng3 Qh4 13. Nc7 g5 14. Bxg5 Qxg5 15. Nxa8 Bd7 16. O-O Na5 17. Qb4 Rxa8 18. f4 Qh4 19. Qxa5 Ng4 20. Qh5 Qxh5 21. Nxh5 Nxe3 22. Nxg7 Nxf1 23. Bxf1 Kxg7 24. Rc7 Bc6 25. Rxe7 Rd8 26. Bc4 Rd2 27. Rxf7+ Kg6 28. f5+ Kg5 29. h4+ Kf4 30. Bf1 Rd1 31. Kf2 Rd2+ 32. Ke1 Rxb2 33. f6 Rb1+ 34. Kf2 Rb2+ 35. Be2 Ke5 36. Ke3 Bxg2 37. Rg7 Kxf6 38. Rxg2 Rxa2 39. Rf2+ Kg7 40. Rf4 Ra3+ 41. Bd3 b5 42. Rd4 Kh6 43. Rd7 Kh5 44. Kf4 Ra4+ 45. Be4 h6 46. Rd6 Rc4 47. Re6 b4 48. Kg3 1-0